AH International Schools' Libraries

Are we there yet? / (Record no. 48370)

MARC details
000 -LEADER
fixed length control field 00300nam a2200109 4500
020 ## - INTERNATIONAL STANDARD BOOK NUMBER
International Standard Book Number 9781800227538
100 ## - MAIN ENTRY--PERSONAL NAME
Personal name Joyce, Melanie
9 (RLIN) 61994
245 ## - TITLE STATEMENT
Title Are we there yet? /
Statement of responsibility, etc Melanie Joyce & Cesar Samaniego
260 ## - PUBLICATION, DISTRIBUTION, ETC. (IMPRINT)
Place of publication, distribution, etc UK
Name of publisher, distributor, etc Igloo Books
Date of publication, distribution, etc 2020
300 ## - PHYSICAL DESCRIPTION
Extent unpaged.
Other physical details col. ill.
Dimensions 25 cm.
942 ## - ADDED ENTRY ELEMENTS (KOHA)
Source of classification or shelving scheme
Koha item type Book
Holdings
Withdrawn status Lost status Source of classification or shelving scheme Damaged status Not for loan Home library Current library Shelving location Date acquired Total Checkouts Full call number Barcode Checked out Date last seen Date checked out Price effective from Koha item type
          Asian Hope Early Years Library Asian Hope Early Years Library Easy Reading 02/10/2025 7 E JOY 206924 04/28/2026 04/28/2026 04/28/2026 02/10/2025 Book

For any Logos Library related questions please contact Miss Art at swongnarasuk@asianhope.org.

For any Asian Hope Library related questions please contact Miss Raza at graza@asianhope.org.

Powered by Koha